Základy pedagogickej diagnostiky (všeobecná teória)

Bibliographic Details
Main Author: Kouteková, Mária, 1948- (Author)
Format: Book
Language:Slovak
PhysicalDescription:99 s. sch., tab. 21 cm
Published: Banská Bystrica Univerzita Mateja Bela, Pedagogická fakulta 2011
ISBN:9788055701486
Edition:3. vyd.
Subjects:

MARC

LEADER 00000nam a22000005a 4500
001 vtls010286131
003 SK-MaSNL
005 20260301173134.0
008 240318s2011 xo l f 000 0 slo
015 |a SNBA2011/09-05033 
020 |a 9788055701486  |q (brož.) 
035 |a 1FB6BD87-6A2B-44A0-B536-EC02875FC26A 
035 |a urn:nbn:sk:snk-aml2fe 
035 |a urn:nbn:sk:snk-am008mcg 
040 |a SNK  |b slo  |c SNK  |e AACR2 
041 0 |a slo 
044 |a xo  |c SK 
072 7 |a 37  |x Výchova a vzdelávanie  |2 konspekt 
080 |a 37.013.77  |2 2001 
080 |a (048.8)  |2 2001 
100 1 |a Kouteková, Mária,  |d 1948-  |4 aut  |9 235178 
245 1 0 |a Základy pedagogickej diagnostiky  |b (všeobecná teória)  |c Mária Kouteková 
250 |a 3. vyd. 
260 |a Banská Bystrica  |b Univerzita Mateja Bela, Pedagogická fakulta  |c 2011 
300 |a 99 s.  |b sch., tab.  |c 21 cm 
504 |a Bibliogr. s. 94-99 
650 0 7 |a pedagogická diagnostika  |2 SNKPH  |9 4068 
650 0 7 |a Educational diagnostics  |2 SNKPHeng  |9 326138 
655 7 |a monografie  |2 SNKPH  |9 70139 
655 7 |a Monographs  |2 SNKPHeng  |9 120675 
919 |a 978-80-557-0148-6 
958 |a NB 
958 |a OND 
968 |d 37 
999 |c 835849  |d 837779 
952 |a SNK  |b SNK  |y PREZ  |7 0  |p 17A0704817  |o snkSC 145831  |i snk2011/13729  |8 0  |0 0  |1 0  |4 0  |d 2011-06-15  |f 1  |l 0  |r 2025-07-15 00:00:00  |w 2026-02-24 
952 |a SNK  |b SNK  |y VYP  |7 0  |p 17A0704819  |o snkSC 145831 D1  |i snk2011/13730  |8 0  |3 Niektoré strany v knihe sú podčiarknuté ceruzkou  |0 0  |1 0  |4 0  |d 2011-06-15  |l 0  |r 2026-02-24 03:52:55  |w 2026-02-24